00655nam a22002051 450000100060000000300080000600500170001400800390003103500190007003500190008904000390010804100080014708200220015524500880017726000470026530000260031265100330033865100280037170000500039928254BD-RjUL20211209051246.0140330s1946 nyu b 000 0 eng a(BD-RjUL)28335 a(OCoLC)2772800 aDLCcTxDaUdCLUdDLCdBD-RjULbeng aeng a918bREA 194622310aReadings in Latin American civilization /ccompiled and edited by A. Curtis Wilgus. aNew York :bBarnes & Noble, inc. ,cc1946. axiv, 430 p. ;c21 cm. 0aLatin AmericaxCivilization. 0aLatin AmericaxHistory.1 aWilgus, A. Curtisd1897-1981.q(Alva Curtis),